000
00301nam a22001337a 4500
008
180216b xxu||||| |||| 00| 0 eng d
020
_a
0538337109
041
_a
eng
080
_a
621
100
_a
27
101
_a
MEK
245
_a
South-Western Industrial Arts Series
_c
Morrisey
942
_2
udc
_c
BK
999
_c
42715
_d
42715